Cities and regions sink or swim together (Record no. 72863)
[ view plain ]
| 000 -LEADER | |
|---|---|
| fixed length control field | 00878cam a2200193 4500 |
| 001 - CONTROL NUMBER | |
| control field | WB3922-08 |
| 008 - FIXED-LENGTH DATA ELEMENTS--GENERAL INFORMATION | |
| fixed length control field | 030617n2003 000 0 eng u |
| 035 ## - SYSTEM CONTROL NUMBER | |
| System control number | (Sirsi) u122618 |
| 245 ## - TITLE STATEMENT | |
| Title | Cities and regions sink or swim together |
| 260 ## - PUBLICATION, DISTRIBUTION, ETC. | |
| Date of publication, distribution, etc. | 2003 |
| 490 ## - SERIES STATEMENT | |
| Series statement | ODPM News Release |
| Volume/sequential designation | (2003/0106) 6 June 2003 (1) |
| 520 ## - SUMMARY, ETC. | |
| Summary, etc. | John Prescott, speaking at a Core Cities meeting to launch a report into the economic performance of the regions Cities, regions and competitiveness, mentioned that the biggest cities outside London have transformed themselves in recent years. The report shows that cities play a pivotal role in the economic status of their regions. www.odpm.gov.uk/pns/DisplayPN.cgi?pn_id=2003_0106 |
| 590 ## - LOCAL NOTE (RLIN) | |
| Local note | TEST |
| 650 ## - SUBJECT ADDED ENTRY--TOPICAL TERM | |
| Topical term or geographic name entry element | CITIES |
| 650 ## - SUBJECT ADDED ENTRY--TOPICAL TERM | |
| Topical term or geographic name entry element | REGIONS |
| 650 ## - SUBJECT ADDED ENTRY--TOPICAL TERM | |
| Topical term or geographic name entry element | REGIONAL DEVELOPMENT |
| 690 ## - LOCAL SUBJECT ADDED ENTRY--TOPICAL TERM (OCLC, RLIN) | |
| Topical term or geographic name as entry element | ENVIRONMENTAL AND LAND CONSULTANCY |
| 942 ## - ADDED ENTRY ELEMENTS (KOHA) | |
| Suppress in OPAC | 0 |
| Withdrawn status | Lost status | Source of classification or shelving scheme | Damaged status | Not for loan | Home library | Current library | Shelving location | Date acquired | Total Checkouts | Full call number | Barcode | Date last seen | Copy number | Price effective from | Koha item type |
|---|---|---|---|---|---|---|---|---|---|---|---|---|---|---|---|
| Dewey Decimal Classification | London | London | News article | 17/06/2003 | WB3922-08 | 122618-1001 | 06/08/2019 | 1 | 06/08/2019 | News article |